000 00966cad a22002415a 4500
001 L147237
008 090417s2009 xxkad f s 000 0 eng d
035 _a(Sirsi) u147237
041 0 _aeng
050 0 4 _a333.33 $2 18
110 2 _aInvestment Property Databank
_92288
245 0 0 _aIPD UK monthly property index
_bend March 2009
_h[electronic resource]
260 _aLondon
_bIPD
_c2009
490 0 _aIPD UK Monthly Property Index
_vMarch 2009
520 _aReports commercial property returns continued to fall in March 2009, and capital declines remained level with February, at -3.1%.
521 _aAdvanced
590 _aKA
650 2 4 _aIPD UK MONTHLY PROPERTY INDEX
651 4 _aUnited Kingdom
_y
690 _aPROPERTY-COMMERCIAL PROPERTY-COMMERCIAL PROPERTY MARKET
856 4 0 _uhttps://www.ipd.com/OurProducts/Indices/UnitedKingdom/UKMonthly/tabid/921/Default.aspx
_zView this report free of charge under indices at www.ipd.com...
942 _n0
999 _c109488
_d109488